Treinta sofismas i un buen argumento del señor Doctor D. Agustín de la Rosa, Canónigo Honorario de la Catedral de Guadalajara, al impugnar el libro La Filosofía en la Nueva España en su periódico La Religión y la Sociedad
Uloženo v:
| Hlavní autor: | |
|---|---|
| Médium: | Kniha |
| Jazyk: | španělština |
| Vydáno: |
Lagos de Moreno
A. López Arce
1887
|
| Vydání: | 1a. ed |
| Témata: | |
| Tagy: |
Přidat tag
Žádné tagy, Buďte první, kdo vytvoří štítek k tomuto záznamu!
|
MARC
| LEADER | 00000nam a2200000 a 4500 | ||
|---|---|---|---|
| 001 | UCJ7802 | ||
| 003 | CL-VaPUC | ||
| 008 | 070124e18870000MX |||||||||||||||||spa|d | ||
| 082 | 0 | 4 | |a 101 |b RIV |2 21 |
| 100 | 0 | |a Rivera, Agustín |e author |9 516272 | |
| 245 | 1 | 0 | |a Treinta sofismas i un buen argumento del señor Doctor D. Agustín de la Rosa, Canónigo Honorario de la Catedral de Guadalajara, al impugnar el libro La Filosofía en la Nueva España en su periódico La Religión y la Sociedad |
| 250 | |a 1a. ed | ||
| 300 | |a 210 p | ||
| 942 | |c BK | ||
| 945 | |d 20070124 00:00:00 |a rinostro | ||
| 260 | |a Lagos de Moreno |b A. López Arce |c 1887 | ||
| 500 | |a Advierte errata.- Ejemplar intonso, requiere empaste | ||
| 650 | 0 | |a Filosofía |9 223554 | |
| 650 | 7 | |a POLEMICAS |2 CL-VaPUC |9 506357 | |
| 650 | 0 | |a Escolástica |9 345541 | |
| 583 | |a last modification |c 20190801 07:43:19 |k Rodrigo Vera | ||
| 999 | |c 323722 |d 323720 | ||
| 952 | |0 0 |1 0 |4 0 |6 101_000000000000000_RIV_1887 |7 0 |8 X |9 403496 |a FDOBUD |b FDOBUD |d 2019-11-22 |i 1068954 |o 101 RIV 1887 |p 1068954 |r 2019-11-22 |w 2019-11-22 |y BK_X |k BUD | ||